00380nam a2200121Ia 4500008004100000100001700041245010800058245001500166260000900181300001100190650001300201856004400214170221s9999 xx 000 0 und d aRooney, Jim. aAlternative Representation of Management Control Design: an empirical exploration and critical analysis cJim Rooney c2012 a32 : 4 xBusiness uhttp://ro.uow.edu.au/aabfj/vol7/iss4/6/